000 00651nam a2200193 i 4500
001 80003
003 ES-MaACL
005 20250930063103.0
007 t|
008 041026s1973 sp ||||1| spa d
100 1 _aHesse, Hermann,
_d1877-1962
_963472
245 1 3 _aEl último verano de Klingsor y otras narraciones /
_cHermann Hesse ; prólogo de José María Carandell ; [traducción: Ester Berenguer].
260 _aBarcelona :
_bPlaneta,
_c[1973]
300 _a210 p. ;
_c21 cm.
700 1 _aCarandell, José María.
_934957
700 1 _aBerenguer, Ester.
_927881
852 _aES-MaACL
_jC-52525
_bR.85522
999 _c80003
_d80003